| 000 | 004820000a22001810004500 | ||
|---|---|---|---|
| 003 | MACL | ||
| 005 | 20150705134608.0 | ||
| 008 | 150705b xxu||||| |||| 00| 0 eng d | ||
| 040 |
_aMACL _cMACL |
||
| 041 | _aEnglish | ||
| 082 | _a301/BHO | ||
| 100 |
_aBhowmick, Prabodh Kumar _9830 |
||
| 245 |
_aThe Tribal People Of India _bSociety Culture and Development |
||
| 260 |
_bR N Bhattacharya _c2008 _aKolkata |
||
| 350 | _a2500 | ||
| 650 |
_aSociology _919 |
||
| 942 |
_cBK _k301/BHO _2ddc |
||
| 999 |
_c42670 _d42670 |
||